| 000 | 00516nam a2200181 a 4500 | ||
|---|---|---|---|
| 003 | MX-MxUPN | ||
| 005 | 20250801111127.0 | ||
| 008 | 250801t1979 fr a||||r|||| 000 0 spa d | ||
| 040 |
_aMX-MxUPN _bspa _cMX-MxUPN |
||
| 041 | 0 | _aspa | |
| 050 | 1 | 4 |
_aAS4 U83 _bU56 1979 |
| 245 | 0 | 0 |
_aUn mundo para todos : _basí lo ve la Unesco |
| 260 |
_aParís : _bUnesco, _c©1979. |
||
| 300 |
_a[28] páginas : _bilustraciones |
||
| 610 | 2 | 4 |
_aUnesco _vLiteratura juvenil _957241 |
| 902 | _aVíctor Ruiz/010825 | ||
| 942 |
_2lcc _cFOLL |
||
| 999 |
_c213638 _d213638 |
||